| 000 | 00000nam 2200000zi 4500 |
| 001 | 9.947323 |
| 003 | CaOODSP |
| 005 | 20250128105337 |
| 006 | m o d f |
| 007 | cr cn||||||||| |
| 008 | 250123t20252025oncd obs f000 0 eng d |
| 040 | |aCaOODSP|beng|erda|cCaOODSP |
| 043 | |an-cn--- |
| 086 | 1 |aCS36-28-0001/2025-1-3E-PDF |
| 100 | 1 |aQiu, Hanqing, |eauthor. |
| 245 | 10|aUpdated methodology to estimate interjurisdictional employees / |cby Hanqing Qiu and Ping Ching Winnie Chan. |
| 264 | 1|a[Ottawa] : |bStatistics Canada = Statistique Canada, |cJanuary 22, 2025. |
| 264 | 4|c©2025 |
| 300 | |a1 online resource (4 pages) : |bgraphs. |
| 336 | |atext|btxt|2rdacontent |
| 337 | |acomputer|bc|2rdamedia |
| 338 | |aonline resource|bcr|2rdacarrier |
| 490 | 1 |aEconomic and social reports, |x2563-8955 ; |vv. 5, no. 1, January 2025 |
| 500 | |aCover title. |
| 500 | |aAt head of title: Spotlight on data and research. |
| 500 | |aIssued also in French under title:Méthodologie mise à jour pour l’estimation des employés interprovinciaux et interterritoriaux. |
| 504 | |aIncludes bibliographical references (page 4). |
| 520 | |a"This article describes an updated methodology to estimate IJEs and compares the previous and new methodologies using the IJE estimates from 2002 to 2020. The updated methodology ensures that the number of IJEs sent by a given province or territory to all other jurisdictions is the same as the number of IJEs received from that province or territory by all other jurisdictions"--Page 1. |
| 650 | 0|aCanadians|xEmployment|vStatistics. |
| 650 | 0|aOffices|xLocation|zCanada|vStatistics. |
| 655 | 7|aStatistics|2lcgft |
| 710 | 2 |aStatistics Canada, |eissuing body. |
| 775 | 08|tMéthodologie mise à jour pour l’estimation des employés interprovinciaux et interterritoriaux / |w(CaOODSP)9.947324 |
| 830 | #0|aEconomic and social reports (Statistics Canada)|vv. 5, no. 1, January 2025.|w(CaOODSP)9.895760 |
| 856 | 40|qPDF|s591 KB|uhttps://publications.gc.ca/collections/collection_2025/statcan/36-28-0001/CS36-28-0001-2025-1-3-eng.pdf |
| 856 | 4 |qHTML|sN/A|uhttps://www150.statcan.gc.ca/n1/pub/36-28-0001/2025001/article/00003-eng.htm |
| 986 | |a36-28-0001 |